101 ejercicios para el ataque en baloncesto.

محفوظ في:
التفاصيل البيبلوغرافية
المؤلف الرئيسي: Karl, George
مؤلفون آخرون: Stotts, Terry, Johnson, Price
التنسيق: كتاب
اللغة:الإسبانية
منشور في: Barcelona Paidotribo 2006
الطبعة:2ª ed.
الموضوعات:
الوسوم: إضافة وسم
لا توجد وسوم, كن أول من يضع وسما على هذه التسجيلة!

MARC

LEADER 00000nam a22000005a 4500
003 CL-ChBUA
005 20120815103817.0
008 070802s2006 es ||||| |||| 000 ||spa
020 |a 8480196203 
040 |a CL-ChBUA  |c CL-ChBUA 
082 0 0 |a 796.323 
090 |c 21620  |d 21620 
100 1 |a  Karl, George 
245 1 0 |a 101 ejercicios para el ataque en baloncesto. 
250 |a 2ª ed. 
260 |a Barcelona  |b Paidotribo  |c 2006 
300 |a 146 p.  |c 23 cm. 
504 |a il., índice. 
650 4 |a BALONCESTO - EJERCICIOS 
700 1 |a Stotts, Terry 
700 1 |a Johnson, Price 
942 |c LIB 
952 |0 0  |1 0  |4 0  |7 0  |9 30742  |a UNACH  |b UNACH  |c 700  |d 2007-08-02  |i 41.845  |l 1  |o 796.323 / K 18 c  |p 31795  |r 2019-10-14 00:00:00  |s 2012-11-12  |u 30742  |w 2012-08-08  |y LIB  |k 796.323 / K 18 c 
999 |c 21620  |d 21620